| 000 | 00432nam a2200169Ia 4500 | ||
|---|---|---|---|
| 008 | 220216s9999 xx 000 0 und d | ||
| 100 | _aPuddefoot L E | ||
| 245 | 0 | _aSynthetic and reclaim rubber dispersions as adhesives | |
| 260 |
_bIRI Transactions _c1946 |
||
| 300 | _a167-169 | ||
| 650 | _aAdhesives | ||
| 650 | _aReclaim rubber | ||
| 650 | _aSynthetic rubber | ||
| 700 | _aGeorge K J | ||
| 700 | _aHall A M | ||
| 942 | _cJS | ||
| 999 |
_c70164 _d70164 |
||